| 000 | 00862nam a22002417a 4500 | ||
|---|---|---|---|
| 999 |
_c22410 _d22410 |
||
| 003 | OSt | ||
| 005 | 20220606103140.0 | ||
| 008 | 220602b ||||| |||| 00| 0 spa d | ||
| 020 | _a9786124109379 | ||
| 040 | _cBiblioteca Municipal de Cusco | ||
| 082 |
_a155.25/O74S _bO74S |
||
| 100 |
_aOrtiz C., Pedro _d1933-2011 _948068 |
||
| 245 |
_aEl sistema de la personalidad / _cPedro Ortiz Cabanillas |
||
| 250 | _aPrimera edición | ||
| 260 |
_aLima : _bUniversidad de Ciencias y Humanidades, _c2016. |
||
| 300 |
_a398 páginas. : _bilustraciones. ; _c24 cm. |
||
| 500 | _a"Este libro se publicó por primera vez en 1994, editado por el propio autor" | ||
| 504 | _aIncluye bibliografía. | ||
| 650 |
_aPersonalidad _9925 |
||
| 650 |
_aDesarrollo de la personalidad _923709 |
||
| 710 |
_aUniversidad de Ciencias y Humanidades (Lima) _948069 |
||
| 942 |
_2ddc _cLIBROS |
||